| 000 | 00604pam a2200217 a 4500 | ||
|---|---|---|---|
| 020 | _c2964.00 (Paper Binding) | ||
| 040 | _aDental College Lib | ||
| 041 |
_aeng _h |
||
| 082 |
_a617.522 _bGRE |
||
| 100 | _aGreenspan, John S. | ||
| 245 |
_aOral Manifestations of HIV Infeection / _c. _hTextual Documents |
||
| 250 |
_a1st ed / _b. |
||
| 260 |
_aLondon : _bQuintessence Publishing Co, Inc , _c1995. |
||
| 300 |
_a542 ; _c31x22. |
||
| 365 | _a2964.00 | ||
| 653 | _aOral Surgery | ||
| 700 | _aGreenspan, Deborah. | ||
| 930 | _a893 | ||
| 999 |
_c40296 _d40296 |
||